The reconstruction of keys of monoalphabetic substitution ciphers from local optimas

Enregistré dans:
Détails bibliographiques
Auteur principal: Spevak, Jan (Auteur)
Autres auteurs: Antal, Eugen (Directeur de thèse)
Format: Manuscrit Livre
Langue:slovaque
anglais
Publié: 2018
Sujets:
Accès en ligne:http://is.stuba.sk/zp/portal_zp.pl?podrobnosti=116533
Tags: Ajouter un tag
Pas de tags, Soyez le premier à ajouter un tag!

MARC

LEADER 00000ntm a22000003a 4500
001 stuzp60364
003 SK-STU
005 20181128122106.0
007 ta
008 150427s2015----xo-----f-mn---000-0-slo-d
040 |a STU  |b slo 
041 0 |a eng 
044 |a xo 
100 1 |a Spevak, Jan  |u 035000  |4 aut  |U FEI Fakulta elektrotechniky a informatiky  |T FEI Ústav informatiky a matematiky  |X 75146  |U E050  |Y 816  |7 75146 
242 0 1 |a Rekonštrukcia kľúčov monoalfabetickej substitúcie z lokálnych extrémov  |y slo 
245 1 0 |a The reconstruction of keys of monoalphabetic substitution ciphers from local optimas 
260 |c 2018 
300 |a 27 s.,  |b CD-ROM 
650 4 |a Fitness Landscape  |2 eng 
650 4 |a Heuristic  |2 eng 
650 4 |a Monoalphabetic  |2 eng 
650 4 |a Frequency Analysis  |2 eng 
650 4 |a Classical Cipher  |2 eng 
650 4 |a Fitness landscape  |2 slo 
650 4 |a Heuristika  |2 slo 
650 4 |a Monoalfabetická šifra  |2 slo 
650 4 |a Analýza frekvencie  |2 slo 
650 4 |a Klasická šifra  |2 slo 
700 1 |a Antal, Eugen  |u 035000  |k Z1  |4 ths  |U FEI Fakulta elektrotechniky a informatiky  |T FEI Ústav informatiky a matematiky  |X 36087  |U E050  |Y 816  |7 A000036087 
856 4 |u http://is.stuba.sk/zp/portal_zp.pl?podrobnosti=116533 
996 |b 284ER02772  |c E*Bc- 2772  |l EE35  |s P  |a 0  |w stuzp60364_0001